000 00383nam a2200169Ia 4500
003 0STCL
008 150530s9999 xx 000 0 und d
040 _aSTCL
_cSTCL
100 _aVadakumkur Raja Rajavarama
245 _aMelputhur Narayana Bhattathiri
260 _c1937
300 _a0
546 _aMalayalam
942 _2ddc
_cBK
999 _c82353
_d82353
005 20220125171818.0